[Event "KAZ-ch Open 2019"]
[Site "Almaty"]
[Date "2019.05.02"]
[Round "11.3"]
[White "Moisseyenko, Ilya"]
[Black "Kazakov, Konstantin"]
[Result "1/2-1/2"]
[WhiteElo "2329"]
[BlackElo "2369"]
[Annotator "TA"]
[PlyCount "191"]
[EventDate "2019.04.21"]
[EventType "tourn"]
[EventCountry "KAZ"]
[SourceTitle "playchess.com"]
[Source "ChessBase"]
[SourceQuality "1"]

{[%evp 20,191,28,22,50,57,55,41,34,11,56,29,25,20,17,0,15,5,7,-8,0,0,0,-27,-18,-18,-15,-43,-54,-37,-30,-38,-35,-39,-37,-37,-41,-88,-94,-90,-95,-94,-81,-87,-68,-81,-70,-113,-95,-117,-56,-53,-68,-97,-97,-96,0,-106,-57,-42,0,0,0,0,0,0,0,0,0,0,0,0,0,0,0,-23,-22,-39,-39,-44,-49,-35,-36,-47,-48,-29,-55,-38,0,0,0,-8,-8,-8,-8,-8,-8,-8,-8,-16,-8,-26,-8,-8,0,-22,-8,-24,-8,-13,-14,-20,-8,-8,-8,-8,-8,-8,-8,-8,-8,-8,-8,-8,-8,-8,-8,-8,-8,-36,-8,-8,-8,-8,-8,-8,-8,-8,-8,-8,0,-8,-8,-8,0,-8,0,-8,0,-8,-8,-18,0,-8,0,0,0,0,0,0,0,0,0,0,0,0,0,0,0,0,0,0,0,0]} 1. d4 f5 2. Nf3 Nf6 3. c4 g6 4. g3 Bg7 5. Bg2 O-O 6. O-O d6 7. Nc3 Qe8 8. d5 Na6 9. Be3 c6 10. Qd2 Bd7 11. Bh6 Qf7 {A87: Dutch Defence: Leningrad System: 5 Nf3} (11... Nc7 12. Bxg7 Kxg7 13. Rfe1 h6 14. e4 fxe4 15. Nxe4 cxd5 16. Nxd6 Qd8 17. Nxb7 Qe8 18. Qa5 {1-0 (18) Ivanov,I (2475)-Sammour Hasbun,J (2375) Newark 1995}) 12. Bxg7 Qxg7 13. Nd4 {[%cal Rd5c6]} Rac8 {White is slightly better.} 14. e3 $146 ({Predecessor:} 14. dxc6 bxc6 15. e4 f4 16. gxf4 Nh5 17. Nde2 Nc5 18. Kh1 Qh6 19. Rad1 Nxf4 20. b3 Bg4 21. f3 Bh5 22. e5 {½-½ (22) Fancsy,I (2310)-Lindstedt,J (2340) Borsodtavho 1991}) 14... Kh8 15. Rac1 Nc5 16. Rfd1 Nce4 17. Nxe4 Nxe4 18. Qe2 c5 19. Nf3 b5 20. cxb5 Rb8 21. Qc2 Rxb5 22. b3 a5 {[%cal Ba7a5,Ba5a4][%mdl 32]} 23. Ne1 a4 24. Bf1 Rb6 25. Bc4 Rfb8 26. Nd3 axb3 27. axb3 Bb5 28. Ra1 Qc3 $36 {[%mdl 2048] Black is really pushing.} 29. Rdc1 Qxc2 30. Rxc2 Bxc4 31. bxc4 Rb3 32. Nf4 Kg7 33. h4 Kf6 34. Ne6 Rc3 ({Black should play} 34... h6 $17) 35. Rxc3 $15 Nxc3 {[%mdl 4096] Endgame KRN-KRN} 36. Ra3 Ne4 37. Ra2 Nc3 38. Ra3 $1 {[%cal Ra3c3]} Nd1 39. Ra6 $1 Rb1 {[#] aiming for ...Nxe3+.} 40. f4 $1 ({Don't blunder} 40. Kg2 $2 Rb2 $19) 40... Nxe3+ 41. Kf2 Ng4+ $1 (41... Nxc4 42. Ra8 $14) 42. Ke2 Rb8 43. Nxc5 $1 Kf7 44. Ne6 $1 Nf6 45. Ra7 Rc8 46. Kd3 h6 47. Nd4 Ne4 48. h5 Re8 49. hxg6+ Kxg6 50. Ne6 Nxg3 51. c5 dxc5 52. Nxc5 Nh5 53. Ra6+ Kg7 54. Kd4 Nxf4 {Hoping for ...Ng6.} 55. Ke5 Ng6+ 56. Kxf5 Rf8+ 57. Ke4 {[#] Ne6+ is the strong threat.} Rf4+ 58. Ke3 {Black must now prevent Ne6+.} Rf6 {Strongly threatening ...Rxa6.} 59. Ne6+ Kh7 60. Ra4 Rf5 (60... h5 {with more complications.} 61. Ke4 Kh6 62. Ra1 Rf2 63. Ke3 Rc2) 61. Rd4 Rf6 62. Nc5 Rb6 63. Kf2 h5 64. Ne4 Rb2+ 65. Kf1 h4 66. d6 exd6 67. Rxd6 Kh6 68. Nf2 Kg5 69. Rd5+ Kf6 70. Ne4+ Kg7 71. Kg1 Re2 72. Nf2 Kf6 73. Rd4 Kf5 74. Kg2 Re3 {Black wants to play ...Nf4+.} 75. Nh3 {The position is equal.} Rg3+ 76. Kh2 Ra3 77. Kg2 Ra2+ 78. Kh1 Rb2 {White should prevent ...Rb3.} 79. Ra4 Ke5 80. Rg4 Kf6 81. Ra4 Kg7 82. Rc4 Kf6 83. Ra4 Kf5 84. Rc4 Rb8 85. Ra4 Rh8 86. Kg2 Ne5 87. Rf4+ Ke6 88. Ng5+ Kd5 89. Kh3 Ng6 90. Rf6 Rg8 91. Ra6 Ke5 92. Kg4 Rg7 93. Nf3+ Ke4 94. Ra4+ Ke3 95. Ra3+ Ke4 96. Ra4+ {Accuracy: White = 59%, Black = 53%.} 1/2-1/2

[Event "KAZ-ch Open 2019"]
[Site "Almaty"]
[Date "2019.05.02"]
[Round "11.4"]
[White "Zhalmakhanov, Ramazan"]
[Black "Nogerbek, Kazybek"]
[Result "1/2-1/2"]
[WhiteElo "2346"]
[BlackElo "2341"]
[Annotator "TA"]
[PlyCount "35"]
[EventDate "2019.04.21"]
[EventType "tourn"]
[EventCountry "KAZ"]
[SourceTitle "playchess.com"]
[Source "ChessBase"]
[SourceQuality "1"]

{[%evp 12,35,22,12,29,30,29,20,22,16,34,22,30,39,44,27,26,20,40,-26,-28,-32,-25,-30,-26,-38]} 1. e4 c5 2. Nc3 Nc6 3. Bb5 Nd4 4. Nf3 g6 5. Nxd4 cxd4 6. Ne2 Bg7 7. O-O e6 {B31: Sicilian: 2...Nc6 3 Bb5 g6} (7... a6 8. Bc4 e6 9. c3 dxc3 10. dxc3 Ne7 11. Qd6 b5 12. Bb3 Bb7 13. f3 Nc8 14. Qd3 Nb6 15. Be3 d5 {1-0 (51) Amonatov,F (2636)-Rakhmanov,A (2653) Riadh 2017}) 8. c3 dxc3 9. bxc3 Ne7 {The position is equal.} 10. d4 O-O 11. Ba3 $146 ({Predecessor:} 11. a4 d6 12. Bg5 f6 13. Be3 f5 14. f3 e5 15. dxe5 dxe5 {1-0 (28) Arribas Robaina,M (2335)-Estrada Gaspar,N (2079) Santo Domingo 2007}) 11... Re8 12. Qa4 a6 13. Rab1 Rb8 14. Bd3 d5 15. Qc2 (15. e5 $14) 15... dxe4 $11 16. Bxe4 Qc7 17. Qb3 Bd7 18. Bc5 {Accuracy: White = 39%, Black = 64%.} 1/2-1/2

[Event "KAZ-ch Open 2019"]
[Site "Almaty"]
[Date "2019.05.02"]
[Round "11.5"]
[White "Urazayev, Arystanbek"]
[Black "Ibrayev, Nurlan"]
[Result "1/2-1/2"]
[WhiteElo "2446"]
[BlackElo "2379"]
[Annotator "TA"]
[PlyCount "113"]
[EventDate "2019.04.21"]
[EventType "tourn"]
[EventCountry "KAZ"]
[SourceTitle "playchess.com"]
[Source "ChessBase"]
[SourceQuality "1"]

{[%evp 23,113,0,1,0,0,0,0,0,0,0,0,0,0,0,0,0,0,-11,-6,-8,-5,-17,54,47,52,62,51,47,45,46,60,57,47,55,121,127,180,8,277,194,192,190,198,191,256,247,241,238,255,252,250,238,329,329,329,326,443,448,331,412,445,442,408,352,391,385,367,374,450,315,341,326,580,475,432,0,548,541,520,539,535,518,535,508,487,446,889,879,1690,1545,936,486]} 1. e4 c6 2. d4 d5 3. exd5 cxd5 4. c4 Nf6 5. Nc3 g6 6. cxd5 Nxd5 7. Bc4 Nb6 8. Bb3 Bg7 9. Nf3 O-O 10. O-O Nc6 11. d5 Na5 12. Re1 Bg4 13. h3 {D94: Grünfeld: 4 Nf3 Bg7 5 e3} Bxf3 14. Qxf3 Re8 15. Bg5 {The position is equal.} Nxb3 16. axb3 Bxc3 17. bxc3 Qxd5 $146 (17... f6 18. Be3 Qxd5 19. Bxb6 Qxf3 20. gxf3 axb6 21. Rxa8 Rxa8 22. Rxe7 {½-½ (30) Petrosyan,M (2581)-Karthik,V (2519) Manavgat 2018}) ({Predecessor:} 17... f6 18. Bd2 Qxd5 19. Qxd5+ Nxd5 {½-½ (29) Pilgram,K (1861)-Willmann,B (2053) LSS email 2014}) 18. Qxd5 Nxd5 19. c4 f6 {White must now prevent ...Nb4.} 20. Bd2 Nc7 21. Be3 a6 22. Rad1 b5 (22... Ne6 $11) 23. Bb6 $36 {[%mdl 3072] White has compensation. White fights for an advantage.} Rac8 24. Rd7 Na8 25. c5 Rc6 26. Ba5 Rxc5 27. Re6 Kf7 28. Rxa6 Rec8 ({Better is} 28... h5 $14) 29. Raa7 $16 Re5 {[#]} (29... Re8 $16) 30. Bd8 $2 (30. Rd8 $1 $18 {[%cal Rd8c8]} Rc1+ 31. Kh2) 30... Re1+ $2 (30... Ke8 $1 $11 {and Black is okay.}) 31. Kh2 $18 {[%cal Rd8e7]} Ke8 {[#]} 32. Ba5 $1 {[%cal Ra5e1]} ({Worse is} 32. Bxe7 Nc7 $14) (32. Rxe7+ $6 Rxe7 33. Bxe7 Rc7 $14) 32... Re6 33. Bb4 {[%cal Rd7e7]} Nb6 (33... Rcc6 {was necessary.} 34. Rxe7+ Rxe7 35. Rxe7+ Kd8 36. Rxh7 Kc8) 34. Rxe7+ Rxe7 35. Rxe7+ {[%mdl 4096] Endgame KRB-KRN} ({And not} 35. Bxe7 Nd5 $11) 35... Kd8 36. Re6 ({Don't do} 36. Rxh7 $6 Nd5 $18) 36... Na8 37. Rxf6 Kd7 38. Rf7+ Ke6 39. Rxh7 Nc7 40. Rg7 Nd5 41. Rxg6+ Kf5 42. Rg4 Rc2 43. Be1 Re2 44. Rd4 Ke5 45. Rd1 Rb2 46. b4 Rb3 47. Rc1 Kd4 $2 (47... Nxb4 {is a better defense.} 48. Bc3+ Kd5 49. Rd1+ Ke6) 48. Rc5 Rb2 49. Rc1 Rb3 $1 50. h4 {White is clearly winning.} Nf4 51. Bd2 Nd3 52. Be3+ Ke5 53. Rc8 Rxb4 54. Rd8 Nb2 (54... Nf4 $142 55. Re8+ Kf6 56. Rf8+ Ke5) 55. h5 Nc4 56. Bc5 Ra4 57. Rb8 {[%mdl 32768] Accuracy: White = 68%, Black = 46%. . An unexpected result.} 1/2-1/2

[Event "KAZ-ch Open 2019"]
[Site "Almaty"]
[Date "2019.05.02"]
[Round "11.6"]
[White "Kvan, Andrey"]
[Black "Kostenko, Petr"]
[Result "0-1"]
[WhiteElo "2286"]
[BlackElo "2450"]
[Annotator "TA"]
[PlyCount "48"]
[EventDate "2019.04.21"]
[EventType "tourn"]
[EventCountry "KAZ"]
[SourceTitle "playchess.com"]
[Source "ChessBase"]
[SourceQuality "1"]

{[%evp 9,48,-1,0,-8,7,1,17,-5,-14,-12,-22,-125,-116,-115,-123,-364,-366,-366,-359,-356,-359,-359,-345,-408,-404,-588,-511,-558,-554,-787,-756,-818,-850,-1010,-698,-983,-842,-834,-832,-29998,-29999]} 1. d4 e6 2. c4 Nf6 3. Nc3 Bb4 4. f3 O-O 5. e4 d5 6. e5 {E20: Nimzo-Indian: 4 g3 and 4 f3} Nfd7 7. cxd5 exd5 8. a3 {The position is equal.} Bxc3+ 9. bxc3 f6 $1 10. f4 {[#]} (10. exf6 $11 Qxf6 11. Bd3) (10. exf6 Qe8+ 11. Qe2 Qf7 12. fxg7 Re8 13. Be3 Nc6 {1-0 (44) Mamedyarov,S (2757)-Aronian,L (2830) Khanty-Mansiysk 2014}) 10... fxe5 $1 $17 11. dxe5 {[#]} Nxe5 $1 {[%mdl 512]} 12. fxe5 $2 (12. Nf3 $17 Nxf3+ 13. Qxf3) 12... Qh4+ $19 13. Kd2 Qf4+ {[%mdl 64] Double Attack} 14. Kc2 Qxf1 ({Don't take} 14... Qa4+ 15. Kd2 $19) 15. Qxf1 $146 ({Predecessor:} 15. Qxd5+ Kh8 16. e6 Nc6 17. Bb2 Rf2+ 18. Kb3 Bxe6 {0-1 (18) Bozinovic,B (2214)-Mencinger,V (2339) Split 2018}) 15... Rxf1 16. Bb2 Rf2+ 17. Kb3 (17. Kb1 $142) 17... Nc6 18. Re1 Be6 19. Re2 Raf8 20. a4 Na5+ 21. Kc2 Nc4 {aiming for ...Bg4.} 22. Bc1 Bg4 23. Rxf2 Rxf2+ 24. Kd3 c5 {Accuracy: White = 37%, Black = 75%.} 0-1